书目信息 |
| 题名: |
国外空间设计名师佳作:明亮的空间
|
|
| 作者: | Francis Asensio Cerver 著 | |
| 分册: | ||
| 出版信息: | 济南 山东美术出版社 1999.03 |
|
| 页数: | 159页 | |
| 开本: | 16开 | |
| 丛书名: | ||
| 单 册: | ||
| 中图分类: | TU201 | |
| 科图分类: | ||
| 主题词: | 建筑设计 | |
| 电子资源: | ||
| ISBN: | 7-5330-1285-2 | |
| 000 | 00666nam0 2200193 45 | |
| 001 | 0011281183 | |
| 005 | 20001128111132.4 | |
| 010 | @a7-5330-1285-2@d95.00元 | |
| 100 | @a20001128d1999 km y0chiy0120 ea | |
| 101 | 0 | @achi |
| 105 | @a z 000yy | |
| 200 | 1 | @a国外空间设计名师佳作:明亮的空间@AGuo Wai Kong Jian She Ji Ming Shi Jia Zuo:Ming Liang De Kong Jian@fFrancis Asensio Cerver著;傅惠生译@FFrancis Asensio Cerver Zhu;Fu Hui Sheng Yi |
| 210 | @a济南@c山东美术出版社@d1999.03 | |
| 215 | @a159页@d16开 | |
| 606 | 0 | @a建筑设计 |
| 690 | @aTU201@v3 | |
| 701 | 0 | @aFrancis Asensio Cerver@4著 |
| 801 | @aCN@bPftUser@c20001128 | |
| 905 | @b506467-468@dTU201@eF784@f2 | |
| 国外空间设计名师佳作:明亮的空间/Francis Asensio Cerver著;傅惠生译.-济南:山东美术出版社,1999.03 |
| 159页;16开 |
| ISBN 7-5330-1285-2:95.00元 |
| ● |
| 相关链接 |
|
|
|
正题名:国外空间设计名师佳作:明亮的空间
索取号:TU201/F784
 
预约/预借
| 序号 | 登录号 | 条形码 | 馆藏地/架位号 | 状态 | 备注 |
| 1 | 506467 | 205064678 | 建筑库101/101建筑库 32排3列4层/ [索取号:TU201/F784] | 在馆 | |
| 2 | 506468 | 205064687 | 建筑库101/101建筑库 32排3列4层/ [索取号:TU201/F784] | 在馆 |